Polt̕icas e Intervenciones ante los Procesos de Vulnerabilidad y Exclusin̤ de Personas y Territorios

Bibliographic Details
Main Author: Pastor Seller, Enrique
Format: eBook
Language:Spanish
Published: Madrid: Dykinson, 2017
Subjects:
Online Access:Acceso restringido

MARC

LEADER 00000nam a22000007a 4500
005 20170301235147.0
007 cr|||| ||||
008 170302s2017 es |||||s|||| 00||0 spa d
020 |a 978-84-9085-726-7 
035 |a 14765 
040 |a vLex 
090 |c 6570  |d 6570 
100 1 |a Pastor Seller, Enrique 
245 1 0 |a Polt̕icas e Intervenciones ante los Procesos de Vulnerabilidad y Exclusin̤ de Personas y Territorios  |h [Recurso electrn̤ico] /  |c Enrique Pastor Seller, Leticia Cano Soriano 
256 |a Servicio en ln̕ea 
260 |a Madrid:  |b Dykinson,  |c 2017 
300 |a 1 recurso electrn̤ico 
500 |a Anl̀isis comparado Mx̌ico-Espaą 
506 1 |a Disponible solo en los productos indicados  |d vLex Global  |d vLex Global (Academic Edition, excluding Law Schools)  |d vLex Global (U.S. Academic Edition, Law Schools)  |d vLex Global (U.S. Academic Edition, excluding Law Schools)  |d vLex Global (Academic Edition, Law Schools) 
650 0 4 |a Derecho Pb︢lico y Administrativo  |z Espaą 
700 1 |4 Cano Soriano, Leticia 
740 0 |a vLex Libros (Servicio en ln̕ea) 
856 4 0 |u http://vlex.com/source/politicas-intervenciones-procesos-vulnerabilidad-exclusion-personas-territorios-14765  |z Acceso restringido 
942 |c BOOK 
999 0 |a Public and Administrative Law